000 00275nam a22001097a 4500
041 _aENG
245 _aGlossary Of Terms Relating To River Valley Projects
260 _aNew Delhi
_bBureau Of Indian Standards
_c1977
300 _a09
650 _aBIS Code
856 _uBIS Code
999 _c2121
_d2121